UEFA Champions League Top Scorers by Season - Statistics

General Stats
  • This quiz has been taken 293 times
  • The average score is 31 of 83
Answer Stats
Season Country Goals Answer % Correct
2008-09 Argentina 9 Lionel Messi
100%
2009-10 Argentina 8 Lionel Messi
100%
2010-11 Argentina 12 Lionel Messi
100%
2011-12 Argentina 14 Lionel Messi
100%
2007-08 Portugal 8 Cristiano Ronaldo
94%
2012-13 Portugal 12 Cristiano Ronaldo
94%
2013-14 Portugal 17 Cristiano Ronaldo
94%
1998-99 Ukraine 8 Andriy Shevchenko
87%
2005-06 Ukraine 9 Andriy Shevchenko
87%
1999-00 Spain 10 Raúl
83%
2000-01 Spain 7 Raul
83%
2006-07 Brazil 10 Kaká
81%
2001-02 Netherlands 10 Ruud van Nistelrooy
79%
2002-03 Netherlands 12 Ruud van Nistelrooy
79%
2004-05 Netherlands 8 Ruud van Nistelrooy
79%
1999-00 Brazil 10 Rivaldo
74%
1994-95 Liberia 7 George Weah
69%
1988-89 Netherlands 10 Marco van Basten
66%
1959-60 Spain/Hungary 12 Ferenc Puskás
64%
1961-62 Spain/Hungary 7 Ferenc Puskás
64%
1963-64 Spain/Hungary 7 Ferenc Puskás
64%
1964-65 Portugal 9 Eusébio
62%
1965-66 Portugal 7 Eusébio
62%
1967-68 Portigal 6 Eusébio
62%
1997-98 Italy 10 Alessandro Del Piero
59%
1989-90 Brazil 6 Romário
59%
1992-93 Brazil 7 Romário
59%
1972-73 Germany 12 Gerd Müller
57%
1973-74 Germany 8 Gerd Müller
57%
1974-75 Germany 5 Gerd Müller
57%
1976-77 Germany 5 Gerd Müller
57%
1995-96 Finland 9 Jari Litmanen
56%
1998-99 Trinidad and Tobago 8 Dwight Yorke
55%
1957-58 Argentina 10 Alfredo Di Stéfano
54%
2003-04 Spain 9 Fernando Morientes
54%
1984-85 France 7 Michel Platini
49%
1989-90 France 6 Jean-Pierre Papin
37%
1990-91 France 6 Jean-Pierre Papin
37%
1991-92 France 7 Jean-Pierre Papin
37%
1982-83 Italy 6 Paolo Rossi
35%
1987-88 Romania 4 Gheorghe Hagi
34%
1964-65 Portugal 9 José Augusto Torres
30%
1958-59 France 10 Just Fontaine
25%
1980-81 Germany 6 Karl-Heinz Rummenigge
24%
1993-94 Netherlands 8 Ronald Koeman
22%
1968-69 Scotland 9 Denis Law
21%
1999-00 Brazil 10 Mário Jardel
15%
1977-78 Denmark 5 Allan Simonsen
14%
1987-88 Scotland 4 Ally McCoist
10%
1987-88 Algeria 4 Rabah Madjer
10%
1965-66 Hungary 7 Florián Albert
9%
1996-97 Yugoslavia 5 Milinko Pantić
8%
1981-82 Germany 7 Dieter Hoeneß
7%
1962-63 Italy 14 José Altafini
7%
1975-76 Germany 6 Jupp Heynckes
7%
1966-67 Belgium 6 Paul van Himst
7%
1963-64 Italy 7 Sandro Mazzola
7%
1980-81 Scotland 6 Graeme Souness
6%
1960-61 Portugal 11 José Águas
6%
1987-88 Spain 4 Míchel
6%
1987-88 Portugal 4 Rui Águas
6%
1993-94 New Zealand 8 Wynton Rufer
5%
1970-71 Greece 10 Antonis Antoniadis
4%
1969-70 England 8 Mick Jones
4%
1955-56 Yugoslavia 8 Miloš Milutinović
4%
1963-64 Yugoslavia 7 Vladica Kovačević
4%
1956-57 England 9 Dennis Viollet
3%
1971-72 Scotland 5 Lou Macari
3%
1991-92 Russia 7 Sergei Yuran
3%
1979-80 Denmark 10 Søren Lerby
3%
1971-72 Hungary 5 Antal Dunai
2%
1986-87 Yugoslavia 7 Borislav Cvetković
2%
1978-79 Switzerland 11 Claudio Sulser
2%
1974-75 USSR 5 Eduard Markarov
2%
1976-77 Switzerland 5 Franco Cucinotta
2%
1987-88 Czechoslovakia 4 Petar Novák
2%
1990-91 Austria 6 Peter Pacult
2%
1987-88 Netherlands 4 René van der Gijp
2%
1971-72 Yugoslavia 5 Silvester Takač
2%
1980-81 England 6 Terry McDermott
2%
1984-85 Sweden 7 Torbjörn Nilsson
2%
1985-86 Sweden 7 Torbjörn Nilsson
2%
1983-84 USSR 6 Viktor Sokol
2%
No matching quizzes found
Score Distribution
Percent of People with Each Score
Percentile by Number Answered
Your Score History
You have not taken this quiz